Mayyazhipuzhayute Theerangalil (Record no. 97820)

MARC details
000 -LEADER
fixed length control field 00410nam a2200145Ia 4500
008 - FIXED-LENGTH DATA ELEMENTS--GENERAL INFORMATION
fixed length control field 211118s9999||||xx |||||||||||||| ||und||
082 ## - DEWEY DECIMAL CLASSIFICATION NUMBER
Classification number 894.8123
Item number MUK-M
100 ## - MAIN ENTRY--PERSONAL NAME
Personal name Mukundan, M
245 #0 - TITLE STATEMENT
Title Mayyazhipuzhayute Theerangalil
260 ## - PUBLICATION, DISTRIBUTION, ETC.
Name of publisher, distributor, etc. DC Books
Place of publication, distribution, etc. Kottayam
Date of publication, distribution, etc. 2000
300 ## - PHYSICAL DESCRIPTION
Extent 323p.
630 ## - SUBJECT ADDED ENTRY--UNIFORM TITLE
General subdivision Malayalam NovelsGeneral Stack
650 ## - SUBJECT ADDED ENTRY--TOPICAL TERM
Topical term or geographic name entry element Malayalam Literature
942 ## - ADDED ENTRY ELEMENTS (KOHA)
Koha item type BOOK
650 ## - SUBJECT ADDED ENTRY--TOPICAL TERM
Form subdivision Malayalam FictionGeneralia
Holdings
Withdrawn status Lost status Damaged status Not for loan Home library Current library Date acquired Cost, normal purchase price Total Checkouts Full call number Barcode Shelving location Date last seen Date last checked out Price effective from Koha item type
        SB LIBRARY SB LIBRARY 18/11/2021 100.00 28 894.8123 MUK-M 00103182 GENERAL STACK 19/02/2026 03/02/2026 18/11/2021 BOOK

Powered by Koha